Szczegóły MARC21

Ty także jesteś neurotykiem /

003 -Nazwa inst., której nr kontr. jest w polu 001 [,]
    • @
    • Nazwa instytucji, której n kontrolny jest w polu 001
    • NUKAT
005 -DATA I CZAS OSTATNIEJ MODYFIKACJI [,]
    • @
    • pole kontrolne
    • 20241231115607.0
020 -Międzynarod. znormalizowany nr książki - ISBN [ , ]
    • a
    • Numer ISBN
    • 8305126765 Find
040 -Instytucja sporządzająca opis [ , ]
    • a
    • Instytucja, która sporządziła opis (NP)
    • KAT U/21KS
    • c
    • Instytucja, która sporządziła rekord (NP)
    • KAT U/21KS
    • d
    • Instytucja, która zmodyfikowała rekord (P)
    • KAT U/21EZ
041 -Język dokumentu [1, ]
    • a
    • Język tekstu (P)
    • polski
    • h
    • Język tekstu oryginalnego i/lub pośredniego (P)
    • angielski
942 -Rodzaj dokumentu [ , ]
    • c
    • Rodzaj dokumentu
    • Książka
100 -Hasło główne - nazwa osobowa [1, ]
    • a
    • Nazwa osobowa (NP)
    • Young, Susan F.
    • 9
    • KHW
    • 78759
245 -Strefa tytułu i oznaczenia odpowiedzialności [1,0]
    • a
    • Tytuł
    • Ty także jesteś neurotykiem / Find
    • c
    • Pozostałe elementy strefy tytułu i oznaczenia odpowiedzialności (NP)
    • Susan F. Young ; z ang. przeł. Zdzisław Mierzecki.
246 -Wariant tytułu [1, ]
    • i
    • Tekst wyświetlany na ekranie monitora (NP)
    • Tyt. oryg.:
    • a
    • Tytuł (NP)
    • I'm not ok and you're not ok either
260 -Strefa adresu wydawniczego [ , ]
    • a
    • Miejsce wydania (P)
    • Warszawa :
    • b
    • Nazwa wydawcy (P)
    • Książka i Wiedza,
    • c
    • Data wydania (P)
    • 1994.
300 -Strefa opisu fizycznego [ , ]
    • a
    • Określenie formy książki i/lub objętość (NP)
    • 182, [2] s. :
    • b
    • Oznaczenie ilustracji (NP)
    • il. ;
    • c
    • Format (NP)
    • 20 cm.
336 -Typ zawartości [ , ]
    • a
    • Termin opisujący typ zawartości
    • Tekst
    • b
    • Kod określający zawartość
    • txt
    • 2
    • Źródło (terminu i kodu)
    • rdacontent
337 -Typ mediów [ , ]
    • a
    • Tryb odtwarzania
    • Bez urządzenia pośredniczącego
    • b
    • Kod typu mediów
    • n
    • 2
    • Źródło (terminu i kodu)
    • rdamedia
338 -Typ/rodzaj nośnika [ , ]
    • a
    • Hasło opisujące typ nośnika
    • Wolumin
    • b
    • Kod typu nośnika
    • nc
    • 2
    • Źródło (terminu i kodu)
    • rdacarrier
080 -Uniwersalna Klasyfikacja Dziesiętna [ , ]
    • a
    • Symbol klasyfikacji
    • 159.923
    • 2
    • Identyfikator wydania tablic
    • UDC-P058
    • 9
    • UKD
    • 2425
    • b
    • Dopowiedzenie
    • Osobowość. Psychologia indywidualna. Cechy charakteru. Temperamenty i ich typologia. Kształtowanie osobowości. Samowiedza. Samopoznanie. Samorealizacja. Samoakceptacja.
080 -Uniwersalna Klasyfikacja Dziesiętna [ , ]
    • a
    • Symbol klasyfikacji
    • 316.47
    • 2
    • Identyfikator wydania tablic
    • UDC-P058
    • 9
    • UKD
    • 2820
    • b
    • Dopowiedzenie
    • Stosunki społeczne. Stosunki interpersonalne. Stosunki międzyludzkie. Stosunki między grupami a jednostkami.
650 -Hasło przedmiotowe [ ,7]
    • a
    • Hasło przedmiotowe
    • Nerwice
    • v
    • Określnik formalny
    • wydawnictwa popularne.
    • 2
    • Źródło terminu
    • kaba
    • 9
    • KHW
    • 359496
980 -Symbol UKD [ , ]
    • a
    • UKD
    • 159.923:316.47
700 -Hasło dodatkowe - nazwa osobowa [1, ]
    • a
    • Nazwa osobowa (NP)
    • Mierzecki, Zdzisław. Find
    • e
    • Określenie rodzaju współpracy
    • Tł.
    • 9
    • KHW
    • 78758
710 -Hasło dodatkowe - nazwa ciała zbiorowego [2, ]
    • a
    • Nazwa ciała zbiorowego lub nazwa geograficzna jako pierwszy element (NP)
    • Spółdzielnia Wydawniczo-Handlowa "Książka i Wiedza".
    • 4
    • Kod relacji
    • pbl
    • 9
    • KHW
    • 52004
920 -ISBN [ , ]
    • a
    • ISBN
    • 83-05-12676-5 Find
Numer inwentarzowy Status udost. Data inwentaryzacji Lokalizacja Sygnatura
W.185424-31996-02-02BGW.185424
W.185425-31996-02-02BGW.185424
W.185426-31996-02-02BGW.185424
Pd.847011995-12-13BG